Phosphate availability in the soil-root system: integration of oxide surface chemistry, transport and uptake
Sparad:
| Huvudupphovsman: | |
|---|---|
| Materialtyp: | Bok |
| Språk: | Undetermined |
| Publicerad: |
The Netherland
Wageningen University
1998
|
| Ämnen: | |
| Taggar: |
Lägg till en tagg
Inga taggar, Lägg till första taggen!
|
| Thư viện lưu trữ: | Trung tâm Học liệu Trường Đại học Cần Thơ |
|---|
| LEADER | 00597nam a2200181Ia 4500 | ||
|---|---|---|---|
| 001 | CTU_38983 | ||
| 008 | 210402s9999 xx 000 0 und d | ||
| 082 | |a 631.4 | ||
| 082 | |b G297 | ||
| 100 | |a Jeanine Geelhoed | ||
| 245 | 0 | |a Phosphate availability in the soil-root system: integration of oxide surface chemistry, transport and uptake | |
| 245 | 0 | |c Jeanine Geelhoed | |
| 260 | |a The Netherland | ||
| 260 | |b Wageningen University | ||
| 260 | |c 1998 | ||
| 650 | |a soil chemistry,soils - phosphorus content | ||
| 904 | |i Liên, 000603 | ||
| 980 | |a Trung tâm Học liệu Trường Đại học Cần Thơ | ||